01098nam a2200229 a 4500001001000000003000500010005001700015008004100032010001100073011001100084040000900095082002200104111013600126245016000262260007900422300001000501505023700511650003400748650002800782650003700810650002100847000109019CHAP20230613062624.0140328s1988 sz |r| ||||||eng d a105481 a106453 cCHAP04a614.43bF21y 198810aMeeting of the joint WHO/FAO/UNEP panel of experts on environmental management for vector controln(8:d1988:cGeneva, Switzerland)10aReport of the eighth meting. Nairobi, 5-9 septiember 1988 /cpor Joint WHO/FAO/UNEP Panel of Experts on Environmental Management for Vector Control (PEEM). aGeneva, Switzerland :bPEEM Secretariat, World Health Organization,c1988. a77 p.0 aContenido dividido en 2 Ptes. en la misma obra : Pte. I : Technical discussion - Education and training for the planning, design and implementation of environment management for vector control; Pte. II : General programme and policy 7aCooperación internacional2 4aEnfermedades por virus. 4aMedio ambientexContaminación. 4aSalud pública.